00821pab a2200145 454500008004000000100002100040245007100061260000900132300001200141362000800153520046100161650002000622700001700642773001600659180718b1999 xxu||||| |||| 00| 0 eng d aRaghuram, Shobha aThe state and civil society: meeting health needs, reaching equity c1999 ap.54-58 aDec aShobha Raghuram and Manashi Ray examine the health standards for the poor in India within the broader context of human development concerns during the last decade, with special emphasis on the role of the state and its commitment towards achieving `health for all'. They discuss the response of civil society in issues of public health and in monitoring the accountability of the state, underscoring the need for reforms in the state services. - Reproduced aHealth services aRay, Manashi aDevelopment